Štrukturálny deficit SR ako indikátor konsolidačného úsilia vlády
Vývoj deficitu a zahraničného dlhu SR v rokoch 2000-2010. Štrukturálny deficit ako spôsob hodnotenia fiškálnej politiky. Výpočet štrukturálneho deficitu, metodika. Štrukturálny deficit verejných financií SR 2006 – 2010.
Salvato in:
| Autore principale: | |
|---|---|
| Natura: | Capitolo di libro |
| Lingua: | slovacco |
| Soggetti: | |
| Tags: |
Nessun Tag, puoi essere il primo ad aggiungerne!!
|
MARC
| LEADER | 00000nla$a2200000$$$4500 | ||
|---|---|---|---|
| 001 | 0147290 | ||
| 005 | 20240502072648.5 | ||
| 041 | 0 | |a slo | |
| 044 | |a SK | ||
| 245 | 1 | 0 | |a Štrukturálny deficit SR ako indikátor konsolidačného úsilia vlády |c Eduard Nežinský |
| 520 | |a Vývoj deficitu a zahraničného dlhu SR v rokoch 2000-2010. Štrukturálny deficit ako spôsob hodnotenia fiškálnej politiky. Výpočet štrukturálneho deficitu, metodika. Štrukturálny deficit verejných financií SR 2006 – 2010. | ||
| 610 | 2 | 0 | |a deficit |
| 610 | 2 | 0 | |a deficit rozpočtový |
| 610 | 2 | 0 | |a Slovensko |
| 610 | 2 | 0 | |a vláda |
| 610 | 2 | 0 | |a konsolidácia |
| 100 | 1 | |a Nežinský, Eduard, 1972- | |